Heaviest Animals in the World - Statistics

General Stats
  • This quiz has been taken 121 times
  • The average score is 6 of 10
Answer Stats
Hint Answer % Correct
48-219 tons Whale
98%
11.5-12.25 tons Elephant
97%
4.5 tons Hippopotamus
90%
20 tons Whale Shark
89%
2.9-4.5 tons Rhinoceros
85%
2 tons Giraffe
77%
1760 pounds (.88 tons) Polar Bear
40%
1.45 tons Saltwater Crocodile
38%
4 tons Elephant Seal
28%
1.1 tons Bovini
1%
No matching quizzes found
Score Distribution
Percent of People with Each Score
Percentile by Number Answered
Your Score History
You have not taken this quiz